000 01123nam a22003257a 4500
003 CHAP
005 20220329134540.0
008 971013s1956 r 00010 d
010 _a22021
011 _a22993
035 _a27088
040 _cCHAP
082 _a575.1
_bC65 1956
100 0 0 _aColin, Edward Cecil.
_925174
245 _aelements of genetics
_b: Mendel`s laws of hereditu with special application to man
250 _a3 ed.
260 _aNew York :
_bMcGraw-Hill,
_c1956
300 _a498 p.
_b: ilus.
590 _aBATCH-UPD
_b10
_c20130110
_lUCH01
_h0921
590 _aBATCH-UPD
_b10
_c20130410
_lUCH01
_h0543
590 _aBATCH-UPD
_b10
_c20130914
_lUCH01
_h1009
590 _aCONVERSION
_b10
_c20130109
_lUCH01
_h1313
650 1 4 _aGenética.
_947469
650 1 4 _aMendel, Ley de.
_974563
901 _aBK
942 _cLIBRO
949 _a575.1 C65 1956
_bBC
_cLIBRO
_d33724000479267
_eLIBRO
_fc.2
_h26656
_i27088
_si
_t125.00
949 _a575.1 C65 1956
_bBC
_cLIBRO
_d33724000479275
_eLIBRO
_h26655
_i27088
_si
_t125.00
949 _a575.1 C65 1956
_bBC
_cLIBRO
_d33724000479283
_eLIBRO
_fc.3
_h15327
_i27088
_si
_t125.00
999 _c22021
_d22021